| 000 | 00537nam a2200193 a 4500 | ||
|---|---|---|---|
| 008 | |||
| 090 | _aPR6007.U76 | ||
| 100 | 1 | _aDurrell, Lawrence. | |
| 245 | 1 | 0 |
_aJustine, _ba novel / _cby Lawrence Durrell. |
| 260 |
_aLondon : _bFaber and Faber, _c1957. |
||
| 300 |
_a253, [1] p., 1 l. ; _c21 cm. |
||
| 907 |
_a.b10144547 _b21-12-04 _c21-12-04 |
||
| 999 |
_aLocal CM _c156309 _d156309 |
||
| 999 |
_aMAIN _c(24193) |
||
| 003 | |||
| 005 | 20230123133902.0 | ||
| 040 | _cNUST | ||
| 049 | _aMAIN | ||
| 942 |
_cBOOKS _kPR6007.U76 |
||